| 000 | 01470nam a2200265 a 4500 | ||
|---|---|---|---|
| 001 | 000029185 | ||
| 003 | DO-SdBNP | ||
| 005 | 20250306142558.0 | ||
| 008 | 110414s1985 dr ad 001 0 spa d | ||
| 040 |
_aDO-SdBNP _bspa _cBNPHU |
||
| 082 |
_a378.107 _bS489u |
||
| 100 | 1 |
_aSerulle Ramia, José _96953 |
|
| 245 | 1 | 0 |
_aUn año de gestión administrativa : _bmarzo 1984- marzo 1985 / _cJosé Serulle Ramia. |
| 260 |
_aSanto Domingo : _bUniversitaria, _c1985. |
||
| 300 |
_a46 p. : _bil., gráfcs. ; _c21 cm. |
||
| 490 | 1 |
_aPublicaciones de la Universidad Autónoma de Santo Domingo _v283 |
|
| 505 | 0 |
_gIntroducción -- _tContexto histórico en que surge la presente gestión -- _tEl estado de emergencia -- _tMedidas de modernización -- _tManejo de la situación financiera y pasos para ahorrar y captar nuevos recursos -- _tManejo interino de la rectoría desde el 17 de junio al 17 de julio de 1984 -- _tPolítica de utilización de recursos humanos -- _tMétodo de trabajo de la Vicerrectoría Administrativa y perspectivas inmediatas -- _gAnexo: cuadros estadísticos. |
|
| 590 | _aInventariado, 2018/MFF | ||
| 610 | 1 | 0 |
_aUniversidad Autónoma de Santo Domingo _xAdministración _972951 |
| 650 | 4 |
_aAdministración universitaria _zRepública Dominicana _953786 |
|
| 650 | 4 |
_aUniversidades _zRepública Dominicana _9729 |
|
| 830 | 0 |
_aPublicaciones de la Universidad Autónoma de Santo Domingo; _n283 _956104 |
|
| 910 | _aValidado. Control de calidad EMS | ||
| 942 |
_2ddc _cLF2 |
||
| 999 |
_c28677 _d28677 |
||